ბათუმის შოთა რუსთაველის სახელმწიფო უნივერსიტეტის ბიბლიოთეკა

ერთტომეული : რჩეული ლექსები, ბალადები და სიმღერები. (ბიბ.ჩანაწერი № 50960)

000 -LEADER
fixed length control field 00820nam a2200205Ia 4500
001 - CONTROL NUMBER
control field 17917
003 - CONTROL NUMBER IDENTIFIER
control field GE_BSU
008 - FIXED-LENGTH DATA ELEMENTS--GENERAL INFORMATION
fixed length control field 181216s||||||||xx |||||||||||||| ||und||
040 ## - CATALOGING SOURCE
Transcribing agency GE_BSU
080 ## - UNIVERSAL DECIMAL CLASSIFICATION NUMBER
Universal Decimal Classification number 821.353.1-1
100 ## - MAIN ENTRY--PERSONAL NAME
Personal name კალაძე, კარლო
245 ## - TITLE STATEMENT
Title ერთტომეული : რჩეული ლექსები, ბალადები და სიმღერები.
245 ## - TITLE STATEMENT
Statement of responsibility, etc. რედ.ილ.ხოშტარია. მხატვ.ს.კეცხოველი
260 ## - PUBLICATION, DISTRIBUTION, ETC.
Place of publication, distribution, etc. თბილისი
260 ## - PUBLICATION, DISTRIBUTION, ETC.
Name of publisher, distributor, etc. სახელგამი
260 ## - PUBLICATION, DISTRIBUTION, ETC.
Date of publication, distribution, etc. 1954
300 ## - PHYSICAL DESCRIPTION
Extent 311გვ. : 1ფურც. პორტრ. ; 23სმ
653 ## - INDEX TERM--UNCONTROLLED
Uncontrolled term რჩეული ლექსები, ბალადები და სიმღერები.
942 ## - ADDED ENTRY ELEMENTS (KOHA)
Koha item type წიგნი
ეგზემპლარები
Withdrawn status Lost status Damaged status Not for loan Date acquired Barcode Date last seen Price effective from Koha item type
        2018-12-17 22399 2018-12-17 2018-12-17 წიგნი